| 000 | 01170cam a2200301u 4500 | ||
|---|---|---|---|
| 001 | 19921 | ||
| 003 | BD-RjUL | ||
| 005 | 20211209000510.0 | ||
| 008 | 140226s1941 enkh 001 0 eng | ||
| 035 | _a(BD-RjUL)19982 | ||
| 040 |
_aDLC _cCarP _dDLC _dBD-RjUL _beng |
||
| 041 | _aeng | ||
| 082 |
_a82938 _bDIC |
||
| 100 | 1 |
_aMubashshir ibn Fātik, Abū al-Wafāʼ, _dactive 11th century. _961230 |
|
| 245 | 1 | 4 |
_aThe dicts and sayings of the philosophers / _cEdited by Curt F. Buhler |
| 260 |
_aLondon : _bPublished for the Early English text society by H. Milford, Oxford university press, _c1941. |
||
| 300 |
_a3 p.l., [v]-lxviii, 408 p. : _bfront. (facsim.) ; _c23 cm. |
||
| 504 | _aIncludes index. | ||
| 650 | 0 |
_aPhilosophers, Ancient. _961231 |
|
| 700 | 1 |
_aTignonville, Guillaume de, _d-1414. [from old catalog] _961232 |
|
| 700 | 1 |
_aScrope, Stephen, _d-1472, [from old catalog] _etr. _961233 |
|
| 700 | 1 |
_aWorcester, William, _d1415-1482, _etr. _961234 |
|
| 700 | 1 |
_aBühler, Curt F. _q(Curt Ferdinand), _d1905-1985, _eed. _961235 |
|
| 942 |
_2ddc _cBK |
||
| 999 |
_c19921 _d19921 |
||